000 01103cam a2200217 4500
001 ##L135202
008 061004n2006 000 0 eng u
035 _a(Sirsi) u135202
041 0 _aeng
050 0 4 _a333.33 $2 18
110 2 _aNationwide Building Society
_91019
245 0 0 _aNationwide quarterly review of house prices
_bJune 2006
260 _aLondon
_bNationwide
_c2006
490 0 _aNationwide Quarterly Review of House Prices
_vJune 2006
520 _aHouse prices grew by 0.3% in June, the third month in a row of subdued growth. The annual growth rate increased slightly to 5% in June. The price of a typical UK house now stands at £ 165 730 around £8 000 more than this time in 2005 Affordability constraints continue to bite and supply constraints continue to support house prices.
650 2 4 _aNATIONWIDE QUARTERLY REVIEW OF HOUSE PRICES
651 4 _aUnited Kingdom
_y
690 _aPROPERTY-RESIDENTIAL PROPERTY-RESIDENTIAL PROPERTY MARKET
856 4 0 _uhttps://nationwide.co.uk/hpi/review.html
_zView the review free of charge at http://nationwide.co.uk...
942 _n0
999 _c105945
_d105945